Динамические системы с сухим трением

Detaylı Bibliyografya
Yazar: Розенблат Г. М. Григорий Маркович
Özet:В книге рассмотрены некоторые задачи статики и динамики твердого тела на шероховатой плоскости при наличии сил сухого (кулонова) трения. Контакт тела с плоскостью может быть либо непрерывным (пятно контакта), либо дискретным (точечным). Получены необходимые и достаточные условия равновесия таких систем. Исследованы некоторые динамические эффекты при движении твердого тела в различных случаях его контакта с шероховатой плоскостью. В некоторых случаях решение таких задач удается свести к простым квадратурам. Рассматривается также задача о движении плоского твердого тела по шероховатой прямой (неудерживающая связь). Получены достаточные условия безотрывного движения. Приведены примеры, часто рассматриваемые в литературе по теоретической механике. Книга может представлять интерес для специалистов по динамике твердого тела и аналитической механике, а также студентов и аспирантов вузов, специализирующихся в области механики.
Dil:Rusça
Baskı/Yayın Bilgisi: Москва, Регулярная и хаотическая динамика, 2006
Konular:
Materyal Türü: MixedMaterials Kitap
KOHA link:https://koha.lib.tpu.ru/cgi-bin/koha/opac-detail.pl?biblionumber=117080

MARC

LEADER 00000nam0a2200000 4500
001 117080
005 20231031123535.0
010 |a 5939725937 
035 |a (RuTPU)RU\TPU\book\126707 
090 |a 117080 
100 |a 20070530d2006 km y0rusy50 ca 
101 0 |a rus 
102 |a RU 
105 |a y z 001zy 
200 1 |a Динамические системы с сухим трением  |f Г. М. Розенблат 
210 |a Москва  |c Регулярная и хаотическая динамика  |d 2006 
215 |a 204 с. 
320 |a Библиогр.: с. 202-203. 
330 |a В книге рассмотрены некоторые задачи статики и динамики твердого тела на шероховатой плоскости при наличии сил сухого (кулонова) трения. Контакт тела с плоскостью может быть либо непрерывным (пятно контакта), либо дискретным (точечным). Получены необходимые и достаточные условия равновесия таких систем. Исследованы некоторые динамические эффекты при движении твердого тела в различных случаях его контакта с шероховатой плоскостью. В некоторых случаях решение таких задач удается свести к простым квадратурам. Рассматривается также задача о движении плоского твердого тела по шероховатой прямой (неудерживающая связь). Получены достаточные условия безотрывного движения. Приведены примеры, часто рассматриваемые в литературе по теоретической механике. Книга может представлять интерес для специалистов по динамике твердого тела и аналитической механике, а также студентов и аспирантов вузов, специализирующихся в области механики. 
610 1 |a динамические системы 
610 1 |a трение 
610 1 |a твердые тела 
610 1 |a шероховатые поверхности 
610 1 |a статика 
610 1 |a динамика 
610 1 |a сухое трение 
610 1 |a кулоново трение 
610 1 |a плоские тела 
675 |a 531.4  |v 3 
700 1 |a Розенблат  |b Г. М.  |g Григорий Маркович 
801 1 |a RU  |b 63413507  |c 20070530  |g PSBO 
801 2 |a RU  |b 63413507  |c 20071008  |g PSBO 
942 |c BK 
959 |a 46/20070529  |d 1  |e 210,00  |f ЧЗТЛ:1